Shock for the secret seven. (Record no. 1347771)

MARC details
000 -LEADER
fixed length control field 00460nam a2200181Ia 4500
008 - FIXED-LENGTH DATA ELEMENTS--GENERAL INFORMATION
fixed length control field 151202s9999||||xx |||||||||||||| ||und||
082 ## - DEWEY DECIMAL CLASSIFICATION NUMBER
Item number PNVM-83082
100 ## - MAIN ENTRY--PERSONAL NAME
Personal name ENID BLYTON.
245 ## - TITLE STATEMENT
Title Shock for the secret seven.
260 ## - PUBLICATION, DISTRIBUTION, ETC. (IMPRINT)
Name of publisher, distributor, etc HODDER & STOUGHTON.
260 ## - PUBLICATION, DISTRIBUTION, ETC. (IMPRINT)
Date of publication, distribution, etc 1988
300 ## - PHYSICAL DESCRIPTION
Extent 152
600 ## - SUBJECT ADDED ENTRY--PERSONAL NAME
Personal name ENID BLYTON.
630 ## - SUBJECT ADDED ENTRY--UNIFORM TITLE
Uniform title Shock for the secret seven.
700 ## - ADDED ENTRY--PERSONAL NAME
Personal name ENID BLYTON.
730 ## - ADDED ENTRY--UNIFORM TITLE
Uniform title Shock for the secret seven.
942 ## - ADDED ENTRY ELEMENTS (KOHA)
Koha item type Book

No items available.